| 000 | 00713nam a22002057a 4500 | ||
|---|---|---|---|
| 999 |
_c76149 _d76149 |
||
| 005 | 20210325214247.0 | ||
| 008 | s2014 eng d | ||
| 040 | _aNALT | ||
| 041 | _aeng | ||
| 050 |
_aHC 441 _bK36W 2014 |
||
| 100 | 0 |
_aKanteera Leelanond _95941 |
|
| 245 | 1 | 0 |
_aWhat lessons can ASEAN learn from EU's experience of economic integration? / _cKanteera Leelanond. |
| 260 |
_aKent, England : _bUniversity of Kent, _c2014. |
||
| 300 |
_a33 p. : _bmaps, tables ; _c29 cm. |
||
| 610 | 2 | 4 |
_95939 _aASEAN _xEconomic integration |
| 610 | 2 | 4 |
_95940 _aEuropean Union _xEconomic integration |
| 850 | _aNALT | ||
| 942 |
_cRSH _2lcc |
||